Prácticas de carpinteros
Publicado:
Barcelona :
Escuela del Trabajo de la Diputación Provincial de Barcelona. Escuela de Maestría Industrial, dl 1963
Descripción Física:
30 cm
Materias:
Fusteria -- Ensenyament -- Pràctiques
MARC
| LEADER | 00000nam a2200000Ia 4500 | ||
|---|---|---|---|
| 001 | 6226 | ||
| 008 | 160829s9999 xx 000 0 cat d | ||
| 080 | |a FU-20-29 | ||
| 245 | |a Prácticas de carpinteros | ||
| 260 | |a Barcelona : |b Escuela del Trabajo de la Diputación Provincial de Barcelona. Escuela de Maestría Industrial, dl 1963 | ||
| 300 | |a 30 cm | ||
| 650 | |a Fusteria |x Ensenyament |x Pràctiques |9 21817 | ||
| 710 | 2 | |a Escola del Treball (Barcelona, Catalunya) |9 54586 | |
| 866 | |a vbcrlfCuaderno nº 1 : ensambles. |x 25 f. : il. |x R. 6226. |x FU-20-29 | ||
| 901 | |a Arxiu | ||
| 942 | |n 1 | ||
| 952 | |0 0 |1 0 |4 0 |6 FU2029 |7 1 |9 41849 |a Arxiu |b Arxiu |d 2016-12-01 |l 0 |o FU-20-29 |p 6226 |r 2016-12-01 00:00:00 |w 2016-12-01 |y ARXIU | ||
| 999 | |c 44296 |d 44296 | ||